Riadenie mobilného robota

Guardado en:
Detalles Bibliográficos
Autor principal: Čutríková, Monika, 1987- (Autor)
Otros Autores: Jurišica, Ladislav, 1942- (Orientador)
Formato: Manuscrito Libro
Lenguaje:eslovaco
Publicado: Bratislava : STU v Bratislave FEI, 2011
Materias:
Acceso en línea:VAIS
Etiquetas: Agregar Etiqueta
Sin Etiquetas, Sea el primero en etiquetar este registro!

MARC

LEADER 00000ntm a22000003a 4500
001 stu230518
005 20150617230139.8
008 110709s2011----xo------------------slo-d
040 |a STU  |b slo 
041 0 |a slo 
044 |a xo 
100 1 |a Čutríková, Monika,  |d 1987-  |4 aut  |u E  |T FEI Fakulta elektrotechniky a informatiky  |X 69812  |U E  |Y 30  |7 A000069812 
242 0 0 |a Controll of mobile robot  |y eng 
245 1 |a Riadenie mobilného robota 
260 |a Bratislava :  |b STU v Bratislave FEI,  |c 2011 
300 |a 61 s 
650 7 |a robotika  |2 stusub 
650 7 |a robotics  |2 estusub 
650 7 |a image processing  |2 estusub 
650 7 |a spracovanie obrazu  |2 stusub 
650 7 |a vizuálne vnímanie  |2 stusub 
650 7 |a digitálne spracovanie obrazu  |2 stusub 
650 7 |a teleroboty  |2 stusub 
700 1 |a Jurišica, Ladislav,  |d 1942-  |4 ths  |u E010  |T FEI Ústav riadenia a priemyselnej informatiky  |X 2099  |U E010  |Y E010  |7 A000002099 
856 4 |a info a plný text  |u http://is.stuba.sk/zp/portal_zp.pl?podrobnosti=72124  |3 VAIS 
996 |b 284EP09782  |c E*DIPL-9782  |l EE23  |s P  |a 0  |w stu230518_0001